Tableau des médailles olympiques - Tir - Statistiques

Statistiques générales
  • Ce quiz a été pris 24 fois
  • Le résultat moyen est 13 sur 16
Statistiques - réponses
Total Or Argent Bronze Pays % Correct
116 57 31 28 États-Unis
100%
47 13 15 19 Grande-Bretagne
100%
24 10 9 5 Allemagne
96%
67 26 16 25 Chine
96%
30 9 12 9 France
96%
43 16 16 11 Italie
88%
31 7 13 11 Russie
88%
21 4 7 10 Finlande
83%
32 13 8 11 Norvège
83%
17 7 9 1 Corée du Sud
79%
57 15 24 18 Suède
79%
19 3 11 5 Danemark
71%
49 27 15 17 Union soviétique
71%
23 7 6 10 Suisse
63%
17 7 3 7 Hongrie
50%
17 4 7 6 Bulgarie
33%
Aucun quiz correspondant
Distribution des résultats
% des personnes avec chaque résultat
Percentile par nombre de réponses
Votre historique - résultats
Vous n’avez pas pris ce quiz